=LDR 00000nam 2200000 4500 =001 INLIS000000000011406 =005 20130612102955 =008 ***********************************Ind** =035 ##$$0010-061300000011406 =041 ##$$a Ind =082 ##$$a 951.9 =090 ##$$a 951.9, Seu s =100 ##$$a Seung-Yoon Yang =245 ##$$a Seputar Kebudayaan Korea, Swng-Yoon Yang =260 ##$$a 1995 $b Yogyakarta =300 ##$$a X,198 hlm., 21 cm =650 ##$$a Korea- Kebudayaan =850 ##$$a NBPNMAT